|
|
|
|
| LEADER |
00796nam a2200265 a 4500 |
| 001 |
000325940 |
| 003 |
CZ BrMZK |
| 005 |
20060329084944.0 |
| 007 |
ta |
| 008 |
980105s1990 xo f slo d |
| 040 |
|
|
|a BOA001
|b cze
|
| 041 |
0 |
|
|a slo
|b ger
|b rus
|
| 080 |
|
|
|a 801.3:801.54
|2 MRF
|
| 080 |
|
|
|a 801.54:801.3
|2 MRF
|
| 100 |
1 |
|
|a Dolník, Juraj,
|d 1942-
|7 mzk2002113547
|4 aut
|
| 245 |
1 |
0 |
|a Lexikálna sémantika /
|c Juraj Dolník
|
| 250 |
|
|
|a 1. vyd.
|
| 260 |
|
|
|a Bratislava :
|b Univerzita Komenského,
|c 1990
|
| 300 |
|
|
|a 303 s.
|
| 504 |
|
|
|a Obsahuje bibliografii
|
| 546 |
|
|
|a Německé a ruské resumé
|
| 910 |
|
|
|a BOA001
|b 2-0962.307
|
| 964 |
|
|
|a Sémantika lexikální
|
| 990 |
|
|
|a BK
|
| 996 |
7 |
|
|b 2619793518
|c 2-0962.307
|l MZK
|r Sklad / do 1 hodiny
|n 30
|w 000325940
|u 000010
|a 1
|e BOA001
|j MZK50
|s A
|